[Event "PCA WC"]
[Site "?"]
[Date "1995.??.??"]
[Round "?"]
[White "Anand, Viswanathan"]
[Black "Kasparov, Gary"]
[Result "0-1"]
[WhiteElo "2715"]
[BlackElo "2805"]
[PlyCount "69"]
[EventDate "1995.??.??"]
[Source "www.chesslib.no"]
[SourceDate "2004.05.04"]

1. e4 c5 2. Nf3 d6 3. d4 cxd4 4. Nxd4 Nf6 5. Nc3 g6 6. Be3 Bg7 7. f3 O-O 8. Qd2 Nc6 9. Bc4 Bd7 10. O-O-O Ne5 11. Bb3 Rc8 12. h4 h5 13. Kb1 Nc4 14. Bxc4 Rxc4 15. Nde2 b5 16. Bh6 Qa5 17. Bxg7 Kxg7 18. Nf4 Rfc8 19. Ncd5 Qxd2 20. Rxd2 Nxd5 21. Nxd5 Kf8 22. Re1 Rb8 23. b3 Rc5 24. Nf4 Rbc8 25. Kb2 a5 26. a3 Kg7 27. Nd5 Be6 28. b4 axb4 29. axb4 Rc4 30. Nb6 Rxb4+ 31. Ka3 Rxc2 32. Rxc2 Rb3+ 33. Ka2 Re3+ 34. Nd5 Rxe1 35. Rb2 0-1

[Event "Batumi"]
[Site "?"]
[Date "1999.??.??"]
[Round "?"]
[White "Leko, P."]
[Black "Fedorov, Alex"]
[Result "1-0"]
[WhiteElo "2700"]
[BlackElo "2655"]
[PlyCount "113"]
[EventDate "1999.??.??"]
[Source "Chess Informant"]
[SourceDate "1999.10.01"]

1. e4 c5 2. Nf3 d6 3. d4 cxd4 4. Nxd4 Nf6 5. Nc3 g6 6. Be3 Bg7 7. f3 O-O 8. Qd2 Nc6 9. Bc4 Bd7 10. O-O-O Qb8 11. Nd5 Nxd5 12. Bxd5 Rc8 13. h4 e6 14. Bxc6 bxc6 15. Nb3 d5 16. c3 Qb5 17. h5 Rab8 18. hxg6 fxg6 19. Kb1 a5 20. Nc5 Qc4 21. e5 Be8 22. Qd4 g5 23. Nxe6 Qb5 24. Rd2 c5 25. Nxc5 Bf8 26. Qxd5+ Bf7 27. e6 Bg6+ 28. Ka1 Bxc5 29. e7+ Kg7 30. Qe5+ Kf7 31. Qd5+ Kg7 32. Qe5+ Kf7 33. e8=Q+ Qxe8 34. Qd5+ Qe6 35. Bxc5 Qxd5 36. Rxd5 a4 37. Rxg5 Re8 38. f4 Re2 39. Bb4 Rbe8 40. c4 Bd3 41. g4 a3 42. b3 Rg2 43. Re5 Rxg4 44. Rxe8 Kxe8 45. Bxa3 Rxf4 46. Kb2 Rf2+ 47. Kc3 Bg6 48. Ra1 h5 49. Bd6 h4 50. Rh1 Rf3+ 51. Kd4 h3 52. Rg1 Rd3+ 53. Kc5 Kf7 54. Rf1+ Ke6 55. Re1+ Kf5 56. b4 Ra3 57. b5 1-0

[Event "DESC Swiss"]
[Site "?"]
[Date "1999.??.??"]
[Round "?"]
[White "Kleine, Joachim"]
[Black "Hersen, Richard"]
[Result "1-0"]
[WhiteElo "2805"]
[BlackElo "2485"]
[PlyCount "47"]
[EventDate "1999.??.??"]
[Source "www.chesslib.no"]
[SourceDate "2004.05.04"]

1. e4 c5 2. Nf3 Nc6 3. d4 cxd4 4. Nxd4 Nf6 5. Nc3 g6 6. Be3 Bg7 7. Bc4 d6 8. f3 O-O 9. Qd2 Bd7 10. O-O-O Rc8 11. Bb3 Nxd4 12. Bxd4 b6 13. Nd5 e5 14. Be3 Nxd5 15. Qxd5 Be6 16. Qxd6 Qxd6 17. Rxd6 Bxb3 18. axb3 Rc7 19. Rhd1 Rfc8 20. Rd8+ Bf8 21. Bh6 Rxd8 22. Rxd8 Rc8 23. Rxc8 f5 24. Rxf8# 1-0

[Event "Dubai (ol)"]
[Site "?"]
[Date "1986.??.??"]
[Round "?"]
[White "Karpov, An"]
[Black "Georgiev, Ki"]
[Result "1/2-1/2"]
[WhiteElo "2705"]
[BlackElo "2535"]
[PlyCount "107"]
[EventDate "1986.??.??"]
[Source "ChessBase"]
[SourceDate "1986.07.01"]

1. e4 c5 2. Nf3 d6 3. d4 cxd4 4. Nxd4 Nf6 5. Nc3 g6 6. Be3 Bg7 7. f3 Nc6 8. Qd2 O-O 9. Bc4 Bd7 10. h4 h5 11. O-O-O Rc8 12. Bb3 Ne5 13. Bg5 Rc5 14. Kb1 b5 15. g4 a5 16. Bxf6 Bxf6 17. a3 hxg4 18. f4 Nc4 19. Qd3 Qc8 20. Nd5 Rxd5 21. exd5 Bf5 22. Nxf5 Qxf5 23. c3 Ne3 24. Qxf5 gxf5 25. Rd2 a4 26. Ba2 Rc8 27. h5 Nc4 28. Re2 Rc5 29. Rd1 Kg7 30. Kc1 Nb6 31. Rd3 Kh6 32. Rh2 Nc4 33. Kd1 Rc8 34. Kc1 Rc5 35. Kb1 Rc8 36. Ka1 Rc5 37. Rh1 Nb6 38. Rdd1 Nc4 39. Rd3 Nb6 40. Rh2 Nc4 41. Rh1 Nxa3 42. bxa3 Rxc3 43. Rxc3 Bxc3+ 44. Kb1 Bd4 45. Rd1 Bf2 46. Kb2 g3 47. Bb1 g2 48. Bxf5 g1=Q 49. Rxg1 Bxg1 50. Bd7 Kxh5 51. Kc3 Bc5 52. Bxb5 Kg4 53. Bxa4 Bxa3 54. Be8 1/2-1/2

[Event "Pelikan Memorial A"]
[Site "?"]
[Date "1997.??.??"]
[Round "?"]
[White "Kempen, Heinz van"]
[Black "Johnson, Maurice W"]
[Result "0-1"]
[WhiteElo "2605"]
[BlackElo "2630"]
[PlyCount "78"]
[EventDate "1997.??.??"]
[Source "www.chesslib.no"]
[SourceDate "2004.05.04"]

1. e4 c5 2. Nf3 d6 3. d4 cxd4 4. Nxd4 Nf6 5. Nc3 g6 6. Be3 Bg7 7. f3 O-O 8. Qd2 Nc6 9. Bc4 Bd7 10. O-O-O Rc8 11. Bb3 Ne5 12. h4 h5 13. Bg5 Rc5 14. g4 hxg4 15. f4 Nc4 16. Qe2 Qc8 17. Bxf6 Bxf6 18. Bxc4 Rxc4 19. Nd5 Re8 20. Nxf6+ exf6 21. h5 g5 22. fxg5 Qc5 23. Qd3 Qxg5+ 24. Kb1 d5 25. exd5 Qxd5 26. h6 f5 27. b3 Qxd4 28. Qxd4 Rxd4 29. Rxd4 Bc6 30. Rh5 Be4 31. h7+ Kh8 32. Rh4 g3 33. Rd1 Rc8 34. Ka1 g2 35. c4 Bf3 36. Re1 Rd8 37. Kb2 Rd2+ 38. Kc3 Re2 39. Rg1 Rf2 0-1

[Event "Ischia"]
[Site "?"]
[Date "1996.??.??"]
[Round "?"]
[White "Smirin, I."]
[Black "Hodgson, Ju"]
[Result "1/2-1/2"]
[WhiteElo "2615"]
[BlackElo "2615"]
[PlyCount "48"]
[EventDate "1996.??.??"]
[Source "ChessBase"]
[SourceDate "1996.06.01"]

1. e4 c5 2. Nf3 d6 3. d4 cxd4 4. Nxd4 Nf6 5. Nc3 g6 6. Be3 Bg7 7. f3 O-O 8. Qd2 Nc6 9. Bc4 Bd7 10. O-O-O Rc8 11. Bb3 Ne5 12. h4 h5 13. Bg5 Rc5 14. Kb1 Re8 15. Rhe1 Qa5 16. a3 Qa6 17. f4 Nc4 18. Bxc4 Rxc4 19. e5 Nh7 20. e6 Bxe6 21. Nxe6 Bxc3 22. bxc3 Qxa3 23. Nd4 Nxg5 24. hxg5 Ra4 1/2-1/2

[Event "Portoroz/Ljubljana"]
[Site "Portoroz/Ljubljana"]
[Date "1975.??.??"]
[Round "?"]
[White "Karpov, Anatoly"]
[Black "Velimirovic, Dragoljub"]
[Result "1-0"]
[WhiteElo "2705"]
[BlackElo "2525"]
[PlyCount "99"]
[EventDate "1975.??.??"]
[Source "www.chesslib.no"]
[SourceDate "2004.05.04"]

1. e4 c5 2. Nf3 d6 3. d4 Nf6 4. Nc3 cxd4 5. Nxd4 g6 6. Be3 Bg7 7. f3 Nc6 8. Qd2 O-O 9. Bc4 Bd7 10. O-O-O Qb8 11. Bb3 a5 12. Ndb5 a4 13. Bxa4 Rc8 14. Kb1 Na5 15. Bb3 Nc4 16. Qe2 Nxe3 17. Qxe3 Rc5 18. Nd4 Qa7 19. a3 Ra5 20. Qd2 Ne8 21. Nd5 e6 22. Nb4 Nc7 23. c3 Na6 24. Ndc2 Nc5 25. Qxd6 Bb5 26. Ba2 Na4 27. Qc7 Be8 28. Rd8 Bf6 29. Rxa8 Qxa8 30. Qf4 Qd8 31. Qe3 Qc7 32. f4 Nb6 33. e5 Be7 34. Nd4 Nc4 35. Bxc4 Qxc4 36. Rd1 Ba4 37. Qd3 Qc8 38. Rd2 Qf8 39. g3 Rc5 40. Qe4 Rc7 41. Rd3 Qc8 42. g4 Bd7 43. Nbc2 Rc5 44. Qe1 Qc7 45. h4 h6 46. g5 h5 47. b4 Rc4 48. Ne3 Rc6 49. Nxc6 Bxc6 50. Rd4 1-0

[Event "Deutschland 84/185"]
[Site "?"]
[Date "2002.??.??"]
[Round "?"]
[White "Svidler, P."]
[Black "Golubev, M."]
[Result "1-0"]
[WhiteElo "2688"]
[BlackElo "2531"]
[PlyCount "65"]
[EventDate "2002.??.??"]
[Source "Chess Informant"]
[SourceDate "2002.02.01"]

1. e4 c5 2. Nf3 d6 3. d4 cxd4 4. Nxd4 Nf6 5. Nc3 g6 6. Be3 Bg7 7. f3 Nc6 8. Qd2 O-O 9. Bc4 Bd7 10. O-O-O Ne5 11. Be2 Rc8 12. Kb1 Nc4 13. Bxc4 Rxc4 14. g4 Qa5 15. Nb3 Qa6 16. e5 Nxg4 17. fxg4 Bxg4 18. exd6 Bxd1 19. dxe7 Bxc2+ 20. Qxc2 Re8 21. Rd1 Qe6 22. Bc5 Bf6 23. Qd3 b6 24. Ba3 Bxc3 25. bxc3 Rc7 26. Nd4 Qf6 27. Rf1 Qg5 28. Rxf7 Kxf7 29. Qf3+ Qf6 30. Qd5+ Kg7 31. Ne6+ Kh8 32. Nxc7 Rxe7 33. Qd8+ 1-0

[Event "Moscow (ol)"]
[Site "?"]
[Date "1994.??.??"]
[Round "?"]
[White "Yudasin, L."]
[Black "Ljubojevic, Lj"]
[Result "1-0"]
[WhiteElo "2625"]
[BlackElo "2580"]
[PlyCount "145"]
[EventDate "1994.??.??"]
[Source "ChessBase"]
[SourceDate "1994.10.01"]

1. e4 c5 2. Nf3 d6 3. d4 cxd4 4. Nxd4 Nf6 5. Nc3 g6 6. Be3 Bg7 7. f3 Nc6 8. Qd2 O-O 9. Bc4 Bd7 10. h4 Rc8 11. Bb3 h5 12. O-O-O Ne5 13. Bg5 Rc5 14. g4 hxg4 15. f4 Nc6 16. e5 Nxd4 17. Qxd4 Bc6 18. Rhe1 Bf3 19. Rd2 Nh7 20. Qxc5 dxc5 21. Rxd8 Rxd8 22. Bxe7 Rc8 23. Bd5 Bf8 24. Bxf3 gxf3 25. Bg5 Kg7 26. Rf1 f6 27. exf6+ Nxf6 28. Rxf3 Rc6 29. Rd3 c4 30. Rd8 a6 31. Nd5 Nxd5 32. Rxd5 Rd6 33. Re5 Rd7 34. c3 Bd6 35. Re4 b5 36. Re6 a5 37. Kc2 a4 38. a3 Bc7 39. Rc6 Rf7 40. Rc5 Bxf4 41. Rxb5 Bxg5 42. Rxg5 Rf2+ 43. Kb1 Rf1+ 44. Ka2 Rf5 45. Rg4 Rc5 46. Kb1 Kh6 47. Kc2 Kh5 48. Re4 Rc6 49. Kd2 Rd6+ 50. Ke2 Rc6 51. Ke3 Rc8 52. Kd4 Rb8 53. Kxc4 Rxb2 54. Kd3 g5 55. hxg5 Kxg5 56. Rxa4 Kf6 57. Re4 Ra2 58. Kd4 Rxa3 59. c4 Ra8 60. Kd5 Rd8+ 61. Kc6 Kf5 62. Re7 Kf6 63. Rd7 Ra8 64. Kd5 Ra1 65. c5 Rd1+ 66. Kc6 Re1 67. Kd6 Rd1+ 68. Kc7 Rc1 69. c6 Ke6 70. Rd2 Rc3 71. Kb7 Ke7 72. Rd4 Rb3+ 73. Kc8 1-0

[Event "Beijing"]
[Site "?"]
[Date "1997.??.??"]
[Round "?"]
[White "Tiviakov, S."]
[Black "Alterman, B."]
[Result "1-0"]
[WhiteElo "2590"]
[BlackElo "2615"]
[PlyCount "151"]
[EventDate "1997.??.??"]
[Source "ChessBase"]
[SourceDate "1997.06.01"]

1. e4 c5 2. Nf3 d6 3. d4 cxd4 4. Nxd4 Nf6 5. Nc3 g6 6. Be3 Bg7 7. f3 Nc6 8. Qd2 O-O 9. Bc4 Bd7 10. O-O-O Ne5 11. Bb3 Rc8 12. Kb1 Nc4 13. Bxc4 Rxc4 14. g4 Qc7 15. g5 Nh5 16. Nd5 Qd8 17. Ne2 Be6 18. Qd3 Bxd5 19. exd5 Ra4 20. Qb5 Qa5 21. Qxa5 Rxa5 22. Ng3 Rc8 23. Nxh5 gxh5 24. b3 b5 25. Bd2 Bc3 26. Rhe1 Kf8 27. Re3 Bxd2 28. Rxd2 b4 29. f4 Rac5 30. Rh3 Rc3 31. Rxh5 Kg7 32. Rf2 R8c5 33. f5 Re3 34. f6+ Kg8 35. Rh4 a5 36. Rd4 Kf8 37. fxe7+ Kxe7 38. h4 Ke8 39. Kb2 Re5 40. Rfd2 Kf8 41. a3 bxa3+ 42. Kxa3 h6 43. gxh6 Rh5 44. c4 Rxh6 45. Re2 Rf6 46. Rde4 Rc8 47. Re7 Rb8 48. Ra7 Rf3 49. Rb2 Rf1 50. Ka2 f5 51. h5 Rh1 52. Rxa5 Rxh5 53. Ra6 Rd8 54. Ra7 f4 55. Rf2 Rh4 56. Kb2 Rb8 57. Rf3 Rg4 58. Rh7 Kg8 59. Rh6 Kg7 60. Rxd6 Rg3 61. Rxg3+ fxg3 62. Re6 g2 63. Re1 Kf7 64. Rg1 Rg8 65. Kc3 Ke7 66. Kd4 Kd6 67. c5+ Kd7 68. b4 Rg4+ 69. Ke5 Rg5+ 70. Ke4 Rg4+ 71. Kf3 Rd4 72. Rxg2 Rxd5 73. Ke4 Rd1 74. b5 Kc7 75. Rg7+ Kb8 76. b6 1-0

[Event "Sofia-m"]
[Site "?"]
[Date "1993.??.??"]
[Round "?"]
[White "Dimitrov, V."]
[Black "Topalov, V."]
[Result "0-1"]
[WhiteElo "2525"]
[BlackElo "2670"]
[PlyCount "64"]
[EventDate "1993.??.??"]
[Source "www.chesslib.no"]
[SourceDate "2004.05.04"]

1. e4 c5 2. Nf3 d6 3. d4 cxd4 4. Nxd4 Nf6 5. Nc3 g6 6. Be3 Bg7 7. f3 O-O 8. Qd2 Nc6 9. Bc4 Bd7 10. h4 Ne5 11. Bb3 h5 12. O-O-O Rc8 13. Bg5 Rc5 14. g4 hxg4 15. f4 Nc4 16. Qe2 b5 17. f5 gxf5 18. Bxf6 exf6 19. Nxf5 Bxf5 20. Bxc4 Bc8 21. Nxb5 f5 22. Nxd6 Qf6 23. c3 f4 24. Bb3 Be6 25. Kb1 Rb8 26. h5 f3 27. Qe3 Qg5 28. Qxg5 Rxg5 29. h6 Be5 30. Bxe6 fxe6 31. h7+ Kg7 32. Nc4 Kh8 0-1

[Event "Rishon_le_Zion"]
[Site "?"]
[Date "1996.??.??"]
[Round "?"]
[White "Kotronias, V."]
[Black "Alterman, B."]
[Result "0-1"]
[WhiteElo "2610"]
[BlackElo "2585"]
[PlyCount "98"]
[EventDate "1996.??.??"]
[Source "ChessBase"]
[SourceDate "1996.02.01"]

1. e4 c5 2. Nf3 d6 3. d4 cxd4 4. Nxd4 Nf6 5. Nc3 g6 6. Be3 Bg7 7. f3 Nc6 8. Qd2 O-O 9. Bc4 Bd7 10. O-O-O Ne5 11. Bb3 Rc8 12. h4 h5 13. Bh6 Nc4 14. Bxc4 Rxc4 15. Bxg7 Kxg7 16. Kb1 Qa5 17. Nb3 Qe5 18. Rhe1 Qg3 19. Qe3 Rfc8 20. e5 dxe5 21. Qxe5 Qxe5 22. Rxe5 Rxh4 23. Rxe7 Rh2 24. Ne4 Bf5 25. Nd4 Bxe4 26. fxe4 Re8 27. Rxb7 Rxg2 28. a4 h4 29. Rh1 Rxe4 30. c3 a5 31. Ra7 Rg5 32. Nb5 Rd5 33. Rxa5 g5 34. Ra6 g4 35. Rf1 Re6 36. Ra7 Rd2 37. Nd4 Rxd4 38. cxd4 h3 39. Ra5 Ne4 40. Rg1 g3 41. Rh5 Rh6 42. Rxh3 Rxh3 43. Kc2 Rh2+ 44. Kd3 f5 45. b4 Ra2 46. a5 Ra3+ 47. Kc2 f4 48. Kb2 f3 49. Kxa3 f2 0-1

[Event "London"]
[Site "London"]
[Date "1980.??.??"]
[Round "?"]
[White "Nunn, J."]
[Black "Miles, A."]
[Result "0-1"]
[WhiteElo "2605"]
[BlackElo "2590"]
[PlyCount "79"]
[EventDate "1980.??.??"]
[Source "www.chesslib.no"]
[SourceDate "2004.05.04"]

1. e4 c5 2. Nf3 d6 3. d4 cxd4 4. Nxd4 Nf6 5. Nc3 g6 6. Be3 Bg7 7. f3 O-O 8. Qd2 Nc6 9. Bc4 Bd7 10. O-O-O Rc8 11. Bb3 Ne5 12. h4 h5 13. Bg5 Rc5 14. Rhe1 b5 15. f4 Nc4 16. Bxc4 Rxc4 17. Bxf6 Bxf6 18. e5 Bg7 19. Ncxb5 Qb8 20. Nc3 dxe5 21. fxe5 Bg4 22. Qd3 Rc5 23. Nf3 Bxf3 24. Qxf3 Bxe5 25. Rd3 Rfc8 26. Rf1 Bf6 27. Rd5 Rxd5 28. Qxd5 Qb4 29. a3 Qb6 30. Nd1 Rd8 31. Qf3 Qe6 32. g3 Qa2 33. c3 Bg7 34. Rf2 Bh6+ 35. Kc2 Rb8 36. Rf1 Qb3+ 37. Kb1 Rd8 38. g4 hxg4 39. Qxg4 Rd2 40. Nf2 0-1

[Event "Novi Sad (ol)"]
[Site "?"]
[Date "1990.??.??"]
[Round "?"]
[White "Short, N."]
[Black "Georgiev, Kir"]
[Result "1/2-1/2"]
[WhiteElo "2610"]
[BlackElo "2580"]
[PlyCount "101"]
[EventDate "1990.??.??"]
[Source "ChessBase"]
[SourceDate "1990.07.01"]

1. e4 c5 2. Nf3 d6 3. d4 cxd4 4. Nxd4 Nf6 5. Nc3 g6 6. Be3 Bg7 7. f3 Nc6 8. Qd2 O-O 9. Bc4 Bd7 10. h4 h5 11. O-O-O Ne5 12. Bb3 Rc8 13. Bg5 Rc5 14. Kb1 b5 15. g4 a5 16. gxh5 Nxh5 17. Nd5 Re8 18. a3 Nc4 19. Qd3 Be6 20. c3 Bxd5 21. exd5 Qc8 22. Nc6 Nxa3+ 23. Ka2 Nc4 24. Rhe1 e6 25. dxe6 Qxc6 26. exf7+ Kxf7 27. Bc2 Rxg5 28. Rxe8 Qxe8 29. hxg5 Nf4 30. Qe4 Qxe4 31. Bxe4 Be5 32. Bc6 b4 33. Kb3 Ne3 34. Re1 Nf5 35. Ra1 bxc3 36. bxc3 Nh3 37. Bd5+ Ke7 38. Ra4 Nf4 39. Be4 Ng3 40. Bc2 Ne6 41. Rxa5 Nxg5 42. Bxg6 Nxf3 43. Ra7+ Kf6 44. Rf7+ Kxg6 45. Rxf3 Ne4 46. Kb4 Kg5 47. c4 Bf4 48. Kb5 Be5 49. Rf8 Nc5 50. Kc6 Ne6 51. Rf1 1/2-1/2

[Event "Haifa"]
[Site "?"]
[Date "1993.??.??"]
[Round "?"]
[White "Yudasin, L."]
[Black "Alterman, B."]
[Result "0-1"]
[WhiteElo "2605"]
[BlackElo "2585"]
[PlyCount "142"]
[EventDate "1993.??.??"]
[Source "ChessBase"]
[SourceDate "1993.10.01"]

1. e4 c5 2. Nf3 d6 3. d4 cxd4 4. Nxd4 Nf6 5. Nc3 g6 6. Be3 Bg7 7. f3 O-O 8. Qd2 Nc6 9. Bc4 Bd7 10. O-O-O Rc8 11. Bb3 Ne5 12. h4 h5 13. Bg5 Rc5 14. g4 hxg4 15. f4 Nc4 16. Qe2 b5 17. f5 Qa5 18. Bxf6 Bxf6 19. Qxg4 Kg7 20. Qg3 Be5 21. Qf3 e6 22. h5 g5 23. fxe6 Bf4+ 24. Kb1 fxe6 25. Qh3 Kh6 26. Nd5 Nd2+ 27. Ka1 Be5 28. Qd3 Nc4 29. Ne3 Nxe3 30. Qxe3 Qd8 31. Nf3 Rxf3 32. Qxf3 Qe7 33. Rdf1 Bf4 34. Qd3 Qg7 35. c3 Qe5 36. Rhg1 Rc8 37. a3 Rf8 38. Qd4 Qxd4 39. cxd4 Rc8 40. Kb1 a5 41. Rf3 a4 42. Bc2 e5 43. dxe5 Bxe5 44. Bd3 Be6 45. Rgf1 Bc4 46. Bxc4 Rxc4 47. Re1 b4 48. axb4 Rxb4 49. Re2 Kxh5 50. Ka2 g4 51. Rf8 Kh4 52. Ra8 g3 53. Rg8 Rb7 54. Ka3 Rb3+ 55. Ka2 Rf3 56. Rc2 Rf2 57. Rc7 Rxb2+ 58. Ka3 Kh3 59. Kxa4 Kh2 60. Rh7+ Kg1 61. Rh4 g2 62. Rhg4 Kh2 63. Ka3 Rd2 64. Kb3 Bd4 65. Rh4+ Kg1 66. Rh6 Be5 67. Rg4 Rd3+ 68. Kc4 Rg3 69. Rgh4 Kf1 70. Kd5 g1=Q 71. Rh1 Qxh1 0-1

[Event "Corr"]
[Site "?"]
[Date "2002.09.15"]
[Round "?"]
[White "Ohtake Sakae (JPN)"]
[Black "Soberano Joaquin Pedro (POR)"]
[Result "1-0"]
[WhiteElo "2596"]
[BlackElo "2587"]
[PlyCount "85"]
[EventDate "2002.??.??"]
[Source "www.chesslib.no"]
[SourceDate "2004.05.04"]

1. e4 c5 2. Nf3 d6 3. d4 cxd4 4. Nxd4 Nf6 5. Nc3 g6 6. Be3 Bg7 7. f3 Nc6 8. Qd2 O-O 9. Bc4 Bd7 10. O-O-O Rc8 11. Bb3 Ne5 12. Kb1 Nc4 13. Bxc4 Rxc4 14. g4 Re8 15. h4 h5 16. gxh5 Nxh5 17. Rhg1 b5 18. Nf5 Bxc3 19. bxc3 Qc7 20. Bd4 e5 21. Qh6 Bxf5 22. exf5 exd4 23. fxg6 f6 24. Qxh5 Re5 25. Qh6 Qg7 26. Qd2 dxc3 27. Qxd6 Qe7 28. Qxe7 Rxe7 29. h5 Rb4+ 30. Ka1 Rh4 31. Rh1 Rd7 32. Rb1 Rxh1 33. Rxh1 Rd2 34. f4 f5 35. h6 Rg2 36. g7 Kh7 37. a3 a5 38. Rh3 Rg6 39. a4 b4 40. Ka2 Rg4 41. Rh5 Rg6 42. Kb3 Rg1 43. Rxf5 1-0

[Event "RUS-ch"]
[Site "Krasnodar"]
[Date "2002.08.31"]
[Round "5"]
[White "Lastin, Alexander"]
[Black "Timofeev, Artyom"]
[Result "1-0"]
[WhiteElo "2625"]
[BlackElo "2558"]
[PlyCount "98"]
[EventDate "2002.08.27"]
[Source "ChessBase"]
[SourceDate "2002.11.12"]

1. e4 c5 2. Nf3 d6 3. d4 cxd4 4. Nxd4 Nf6 5. Nc3 g6 6. Be3 Bg7 7. f3 O-O 8. Qd2 Nc6 9. Bc4 Bd7 10. O-O-O Rc8 11. Bb3 Ne5 12. Kb1 Re8 13. h4 h5 14. Bg5 a5 15. a4 Rc5 16. Ndb5 Qb8 17. Qe2 b6 18. Be3 Rcc8 19. Bd4 Red8 20. Qf2 Nc4 21. Rhe1 Qb7 22. Qf1 Bxb5 23. axb5 Qc7 24. Bxc4 Qxc4 25. Bxb6 Re8 26. Qxc4 Rxc4 27. Rd4 Rxc3 28. bxc3 Rb8 29. Bxa5 Rxb5+ 30. Bb4 Nd7 31. Rd5 Rb7 32. Ka2 Be5 33. Rh1 Nf8 34. Rh3 Ne6 35. g3 g5 36. hxg5 Nxg5 37. Rxh5 Nxf3 38. Rf5 e6 39. Rxf3 exd5 40. exd5 Kg7 41. Ka3 Kg6 42. c4 Kg5 43. c5 Kg4 44. Rd3 dxc5 45. Bxc5 Bxg3 46. d6 Rd7 47. Kb4 Be1+ 48. Kb5 Bh4 49. Kc6 Rd8 1-0

[Event "Lugano Open"]
[Site "Lugano SUI"]
[Date "1987.??.??"]
[Round "?"]
[White "Van der Wiel, John T H"]
[Black "Georgiev, Kiril D"]
[Result "1-0"]
[WhiteElo "2590"]
[BlackElo "2590"]
[PlyCount "119"]
[EventDate "1987.02.??"]
[Source "www.chesslib.no"]
[SourceDate "2004.05.04"]

1. e4 c5 2. Nf3 d6 3. d4 cxd4 4. Nxd4 Nf6 5. Nc3 g6 6. Be3 Bg7 7. f3 O-O 8. Bc4 Nc6 9. Qd2 Bd7 10. h4 h5 11. O-O-O Ne5 12. Bb3 Rc8 13. Bh6 Bxh6 14. Qxh6 Rxc3 15. bxc3 Qc7 16. Kb1 a5 17. f4 Nfg4 18. Qg5 a4 19. fxe5 axb3 20. cxb3 Nf2 21. e6 Nxe4 22. Qh6 Nxc3+ 23. Kb2 Nxd1+ 24. Rxd1 d5 25. exd7 Qxd7 26. Qg5 Kh7 27. Qe5 Qg4 28. Rd2 Qxh4 29. Nf3 Qf6 30. Qxf6 exf6 31. Rxd5 g5 32. Kc3 Kg6 33. Kd3 Re8 34. a4 f5 35. a5 h4 36. b4 f6 37. b5 f4 38. Kd2 Kh5 39. Rd7 Rb8 40. Ke2 Ra8 41. a6 bxa6 42. b6 Re8+ 43. Kf1 Re6 44. b7 Rb6 45. Nd4 g4 46. Nc6 Rb1+ 47. Kf2 Rb2+ 48. Ke1 Rb1+ 49. Kd2 f3 50. gxf3 g3 51. Rh7+ Kg6 52. Rxh4 Rxb7 53. Rg4+ Kf5 54. Nd4+ Ke5 55. Ke3 a5 56. Rxg3 Kd5 57. Rg8 a4 58. Ra8 Rb4 59. Nc2 Rb2 60. Kd2 1-0

[Event "Las Vegas"]
[Site "?"]
[Date "1999.??.??"]
[Round "?"]
[White "Kaidanov, G."]
[Black "Hodgson, Ju"]
[Result "1-0"]
[WhiteElo "2605"]
[BlackElo "2565"]
[PlyCount "85"]
[EventDate "1999.??.??"]
[Source "Chess Informant"]
[SourceDate "1999.06.01"]

1. e4 c5 2. Nf3 d6 3. d4 cxd4 4. Nxd4 Nf6 5. Nc3 g6 6. Be3 Bg7 7. f3 Nc6 8. Qd2 O-O 9. Bc4 Bd7 10. O-O-O Rc8 11. Bb3 Ne5 12. g4 Qa5 13. Kb1 Rxc3 14. Qxc3 Qxc3 15. bxc3 Rc8 16. Kb2 Be8 17. h4 a5 18. a3 Nfd7 19. Bg5 Kf8 20. h5 h6 21. Bc1 g5 22. Rhf1 Nc5 23. f4 gxf4 24. Bxf4 Na4+ 25. Bxa4 Bxa4 26. Ne6+ Kg8 27. Nxg7 Nc4+ 28. Kc1 Kxg7 29. g5 hxg5 30. Bxg5 f6 31. Bf4 Nxa3 32. Rg1+ Kf7 33. h6 Bxc2 34. Rg7+ Ke6 35. h7 Bxd1 36. Rg8 Rxc3+ 37. Kxd1 Rh3 38. h8=Q Rxh8 39. Rxh8 b5 40. Rh5 a4 41. Bc1 Nc4 42. Rxb5 a3 43. Rb7 1-0

[Event "Yerevan ol (Men)"]
[Site "Yerevan"]
[Date "1996.??.??"]
[Round "4"]
[White "Morovic Fernandez, Ivan"]
[Black "Petursson, Margeir"]
[Result "1/2-1/2"]
[WhiteElo "2590"]
[BlackElo "2570"]
[PlyCount "47"]
[EventDate "1996.09.??"]
[Source "www.chesslib.no"]
[SourceDate "2004.05.04"]

1. e4 c5 2. Nf3 Nc6 3. d4 cxd4 4. Nxd4 g6 5. Nc3 Bg7 6. Be3 Nf6 7. Bc4 O-O 8. Bb3 d6 9. f3 Bd7 10. Qd2 Rc8 11. h4 h5 12. O-O-O Ne5 13. Bg5 Rc5 14. Rhe1 b5 15. Kb1 Re8 16. f4 Nc4 17. Bxc4 Rxc4 18. e5 Nh7 19. b3 Rc8 20. exd6 Nxg5 21. hxg5 Bg4 22. Ndxb5 Bxd1 23. d7 Bg4 24. dxc8=Q 1/2-1/2

[Event "Romania"]
[Site "?"]
[Date "2000.??.??"]
[Round "?"]
[White "Bologan, V."]
[Black "Golubev, M."]
[Result "0-1"]
[WhiteElo "2640"]
[BlackElo "2520"]
[PlyCount "100"]
[EventDate "2000.??.??"]
[Source "Chess Informant"]
[SourceDate "2000.10.01"]

1. e4 c5 2. Nf3 d6 3. d4 cxd4 4. Nxd4 Nf6 5. Nc3 g6 6. Be3 Bg7 7. f3 Nc6 8. Qd2 O-O 9. Bc4 Bd7 10. Bb3 Rc8 11. O-O-O Ne5 12. Kb1 Re8 13. h4 h5 14. Bg5 Rc5 15. Rhe1 Qa5 16. f4 Nc4 17. Bxc4 Rxc4 18. Nb3 Qa6 19. e5 Nh7 20. exd6 Nxg5 21. hxg5 Bg4 22. Rxe7 Rd8 23. Qd5 Rxf4 24. Nc5 Qb6 25. Rxb7 Qxd6 26. Qxd6 Rxd6 27. Rxd6 Rf1+ 28. Nd1 Bxd1 29. Rb8+ Kh7 30. a4 Be5 31. Rbd8 Bxd6 32. Rxd6 Bf3+ 33. Ka2 Bxg2 34. Rd2 Rg1 35. Nd7 Bh3 36. Nf6+ Kg7 37. Ne8+ Kf8 38. Nf6 Kg7 39. Ne8+ Kf8 40. Nf6 Be6+ 41. b3 h4 42. c4 h3 43. Ka3 Kg7 44. Ne8+ Kh8 45. c5 Rxg5 46. c6 Rc5 47. c7 g5 48. Kb4 Rc1 49. Nf6 g4 50. Nd5 g3 0-1

[Event "Linares ESP"]
[Site "Linares ESP"]
[Date "1983.??.??"]
[Round "?"]
[White "Geller, Efim P"]
[Black "Miles, Anthony J"]
[Result "1-0"]
[WhiteElo "2575"]
[BlackElo "2585"]
[PlyCount "104"]
[EventDate "1983.??.??"]
[Source "www.chesslib.no"]
[SourceDate "2004.05.04"]

1. e4 c5 2. Nf3 d6 3. d4 cxd4 4. Nxd4 Nf6 5. Nc3 g6 6. Be3 Bg7 7. f3 O-O 8. Qd2 Nc6 9. Bc4 Bd7 10. h4 Rc8 11. Bb3 h5 12. O-O-O Ne5 13. Bg5 Nc4 14. Qe2 Na5 15. Kb1 a6 16. g4 e5 17. Nf5 gxf5 18. gxf5 Nxb3 19. axb3 Bc6 20. Rhg1 Kh7 21. Rg2 Rg8 22. Rdg1 Qe7 23. Nd1 d5 24. Nf2 Bb5 25. Qe1 Qd6 26. exd5 Qd7 27. Bxf6 Bxf6 28. Ne4 Qxf5 29. Ng5+ Bxg5 30. Rxg5 Rxg5 31. Rxg5 Qf6 32. Qe4+ Kh6 33. Rf5 Qg6 34. Qxe5 Re8 35. Qf4+ Kh7 36. Rxf7+ Kh8 37. Rf6 Qg7 38. Rh6+ Kg8 39. Rxh5 Rf8 40. Qh2 Rf6 41. Rg5 Rg6 42. Qb8+ Kh7 43. Rxg6 Qxg6 44. Qxb7+ Kh6 45. Qe7 a5 46. Qe5 Qb6 47. Qg5+ Kh7 48. Qe7+ Kg6 49. d6 Qc6 50. c4 Qxf3 51. Qg5+ Kh7 52. Qxb5 Qf4 1-0

[Event "Jugoslavija 85/204"]
[Site "?"]
[Date "2002.??.??"]
[Round "?"]
[White "Zontakh, A."]
[Black "Georgiev, Ki"]
[Result "0-1"]
[WhiteElo "2500"]
[BlackElo "2658"]
[PlyCount "94"]
[EventDate "2002.??.??"]
[Source "Chess Informant"]
[SourceDate "2002.06.01"]

1. e4 c5 2. Nf3 d6 3. d4 cxd4 4. Nxd4 Nf6 5. Nc3 g6 6. Be3 Bg7 7. f3 Nc6 8. Qd2 O-O 9. Bc4 Bd7 10. O-O-O Ne5 11. Bb3 Rc8 12. Kb1 Re8 13. h4 h5 14. Bh6 Qa5 15. Bxg7 Kxg7 16. Rhe1 Rc5 17. f4 Neg4 18. Nf3 Rec8 19. Qd4 Bc6 20. e5 dxe5 21. fxe5 Nh7 22. e6+ f6 23. Ne4 Rf5 24. Ng3 Rb5 25. Qf4 Qc7 26. Qxc7 Rxc7 27. Nd4 Re5 28. Nxc6 Rxe1 29. Rxe1 Rxc6 30. Ne4 f5 31. Nc3 Nhf6 32. Nb5 a6 33. Nd4 Rd6 34. c3 Nd5 35. Bxd5 Rxd5 36. Kc2 Kf6 37. b4 Re5 38. Rg1 Ne3+ 39. Kb3 Re4 40. g3 Rg4 41. Nf3 Nc4 42. a4 Nd6 43. Nd4 Ne4 44. Kc4 Nxg3 45. a5 Ne4 46. Rh1 Ke5 47. Rh3 Nxc3 0-1